[Event "Rheinland Pfalz Seniors op"]
[Site "Altenkirchen"]
[Date "2023.09.12"]
[Round "8"]
[White "Boidman, Yuri"]
[Black "Geyer, Bernhard"]
[Result "1-0"]
[WhiteElo "2251"]
[BlackElo "2164"]
[PlyCount "59"]
[EventDate "2023.09.05"]
[EventType "swiss"]
[EventRounds "9"]
[EventCountry "GER"]
[SourceTitle "EXT 2024"]
[Source "ChessBase"]
[SourceDate "2023.10.10"]
[SourceVersion "1"]
[SourceVersionDate "2023.10.10"]
[SourceQuality "1"]

1. e4 d6 2. d4 g6 3. c4 Bg7 4. Nc3 Nd7 5. f4 c5 6. d5 a6 7. a4 Qc7 8. Nf3 Ngf6 9. Bd3 0-0 10. 0-0 e5 11. dxe6 fxe6 12. Ng5 Nb8 13. f5 exf5 14. exf5 gxf5 15. Bxf5 Bxf5 16. Rxf5 Qd7 17. Nd5 Nc6 18. Rf1 Rae8 19. Nxf6+ Bxf6 20. Qd5+ Kg7 21. Bf4 Nb4 22. Qd2 Bd4+ 23. Kh1 d5 24. Nf3 Rxf4 25. Qxf4 Bxb2 26. Rae1 Rxe1 27. Rxe1 Bf6 28. Ne5 Qd8 29. Re3 dxc4 30. Qg4+ 1-0

[Event "Oberliga Sued W 1920"]
[Site "Germany"]
[Date "2019.11.24"]
[Round "3.5"]
[White "Geyer, Bernhard"]
[Black "Friedrich, Marius"]
[Result "1-0"]
[WhiteElo "2154"]
[BlackElo "2092"]
[PlyCount "117"]
[EventDate "2019.09.29"]
[EventType "team-tourn"]
[EventRounds "9"]
[EventCountry "GER"]
[SourceTitle "EXT 2021"]
[Source "ChessBase"]
[SourceDate "2020.10.23"]
[SourceVersion "1"]
[SourceVersionDate "2020.10.23"]
[SourceQuality "1"]

1. d4 d5 2. g3 Nf6 3. Bg2 g6 4. Nc3 Bg7 5. Bg5 c6 6. Qd2 h6 7. Bf4 g5 8. Be5 Nbd7 9. f4 g4 10. h3 gxh3 11. Nxh3 Nxe5 12. fxe5 Bxh3 13. exf6 Bxg2 14. fxg7 Rg8 15. Rxh6 Qc7 16. Qg5 0-0-0 17. Kf2 Be4 18. Nxe4 dxe4 19. Rah1 f6 20. Qg4+ Qd7 21. Qxd7+ Kxd7 22. Rg6 Ke6 23. Ke3 Kf7 24. Rg4 f5 25. Rf1 e6 26. Rxe4 Rxg7 27. g4 Kf6 28. gxf5 exf5 29. Ref4 Rg5 30. Kd3 c5 31. c3 cxd4 32. cxd4 Ke6 33. e3 Rh8 34. R1f2 Rh1 35. R4f3 Rd1+ 36. Kc3 Re1 37. a3 a6 38. Rc2 Rgg1 39. Kb4 Rc1 40. Rcf2 Rg5 41. Rh3 Kd5 42. Rh8 Rc7 43. Re8 Rf7 44. Re5+ Kd6 45. e4 Rg4 46. Rd5+ Kc6 47. Rc2+ Kb6 48. Rd6+ Ka7 49. e5 Re4 50. Rf2 f4 51. Kc4 f3 52. Kd3 Rff4 53. Rxf3 Rxd4+ 54. Rxd4 Rxf3+ 55. Ke4 Rf2 56. Kd5 Kb6 57. Kd6 a5 58. b4 Re2 59. e6 1-0

[Event "Oberliga Baden 1718"]
[Site "Baden"]
[Date "2018.01.21"]
[Round "5.4"]
[White "Martin, Julian"]
[Black "Geyer, Bernhard"]
[Result "1-0"]
[WhiteElo "2438"]
[BlackElo "2190"]
[PlyCount "91"]
[EventDate "2017.10.08"]
[EventType "team-tourn"]
[EventRounds "9"]
[EventCountry "GER"]
[SourceTitle "EXT 2019"]
[Source "ChessBase"]
[SourceDate "2018.10.10"]
[SourceVersion "1"]
[SourceVersionDate "2018.10.10"]
[SourceQuality "1"]
[WhiteTeam "Baden-Baden III"]
[BlackTeam "Ladenburg"]
[WhiteTeamCountry "GER"]
[BlackTeamCountry "GER"]

1. e4 e6 2. d4 d5 3. Nd2 dxe4 4. Nxe4 Nd7 5. Nf3 Ngf6 6. Bd3 Be7 7. Qe2 Nxe4 8. Bxe4 Nf6 9. Bxb7 Bxb7 10. Qb5+ Qd7 11. Qxb7 0-0 12. 0-0 Rab8 13. Qa6 Rb6 14. Qe2 c5 15. dxc5 Bxc5 16. b3 Rc8 17. Bg5 Qc7 18. Rad1 Nd5 19. Bd2 Bb4 20. c4 Nc3 21. Bxc3 Bxc3 22. Rd3 Bf6 23. Rfd1 g6 24. Rd7 Qb8 25. Nd2 Be5 26. g3 Rd6 27. Ne4 Rxd7 28. Rxd7 Rd8 29. Qd2 Rxd7 30. Qxd7 h6 31. c5 Qb4 32. Qd3 f5 33. Qd8+ Kg7 34. Qd7+ Kh8 35. Nd2 Bd4 36. Nf3 Bxc5 37. Qxe6 Qb6 38. Qe8+ Kg7 39. Ne5 h5 40. Kg2 Qd6 41. h4 Bd4 42. Nxg6 Qd5+ 43. Kh2 Bxf2 44. Nf4 Qf3 45. Qg6+ Kh8 46. Qxh5+ 1-0

[Event "Oberliga Baden 1617"]
[Site "Baden"]
[Date "2017.03.19"]
[Round "7.7"]
[White "Geyer, Bernhard"]
[Black "Martin, Julian"]
[Result "0-1"]
[WhiteElo "2180"]
[BlackElo "2288"]
[PlyCount "76"]
[EventDate "2016.10.16"]
[EventType "team-tourn"]
[EventRounds "9"]
[EventCountry "GER"]
[SourceTitle "EXT 2018"]
[Source "ChessBase"]
[SourceDate "2017.10.13"]
[SourceVersion "1"]
[SourceVersionDate "2017.10.13"]
[SourceQuality "1"]
[WhiteTeam "Ladenburg"]
[BlackTeam "Baden-Baden II"]
[WhiteTeamCountry "GER"]
[BlackTeamCountry "GER"]

1. e4 c5 2. Nc3 Nc6 3. Nf3 e5 4. g3 g6 5. Nd5 Bg7 6. Bg2 Nge7 7. c4 0-0 8. d3 h6 9. Be3 d6 10. Qd2 Kh7 11. 0-0 f5 12. Ne1 Nd4 13. Nxe7 Qxe7 14. Bxd4 cxd4 15. f4 fxe4 16. dxe4 Bd7 17. Nd3 b5 18. b3 bxc4 19. bxc4 Rac8 20. Qb4 exf4 21. gxf4 Be6 22. Rac1 a5 23. Qb5 Qf7 24. c5 Bxa2 25. c6 Qb3 26. Qxa5 Qxd3 27. Qxa2 Rxf4 28. Qd5 Qe3+ 29. Kh1 d3 30. Qxd6 d2 31. Rcd1 Rxf1+ 32. Rxf1 Qe2 33. Kg1 Rxc6 34. Qxc6 d1Q 35. Rxd1 Qxd1+ 36. Kf2 Bd4+ 37. Kg3 Qe1+ 38. Kg4 h5+ 0-1

[Event "Oberliga Baden 1617"]
[Site "Baden"]
[Date "2017.02.19"]
[Round "6.6"]
[White "Geyer, Bernhard"]
[Black "Eppinger, Georg"]
[Result "0-1"]
[WhiteElo "2180"]
[BlackElo "2232"]
[PlyCount "60"]
[EventDate "2016.10.16"]
[EventType "team-tourn"]
[EventRounds "9"]
[EventCountry "GER"]
[SourceTitle "EXT 2018"]
[Source "ChessBase"]
[SourceDate "2017.10.13"]
[SourceVersion "1"]
[SourceVersionDate "2017.10.13"]
[SourceQuality "1"]
[WhiteTeam "Ladenburg"]
[BlackTeam "Dreisamtal"]
[WhiteTeamCountry "GER"]
[BlackTeamCountry "GER"]

1. d4 Nf6 2. c4 g6 3. Nc3 Bg7 4. Bf4 0-0 5. Qd2 c5 6. d5 Qa5 7. f3 a6 8. e4 d6 9. Bh6 e6 10. Bxg7 Kxg7 11. Bd3 exd5 12. exd5 Nbd7 13. Nge2 Ne5 14. 0-0 Bd7 15. Rfd1 b5 16. b3 Rab8 17. Ng3 bxc4 18. bxc4 h5 19. Be2 h4 20. Nf1 Qa3 21. Rac1 Rb2 22. Qg5 h3 23. Nd2 Nh7 24. Qf4 g5 25. Qe3 Re8 26. Ndb1 Qa5 27. Qf2 Nxc4 28. gxh3 Ne3 29. Re1 Nc2 30. Bd3 Nxe1 0-1

[Event "Oberliga Baden 1617"]
[Site "Baden"]
[Date "2016.12.04"]
[Round "3.5"]
[White "Gschnitzer, Adrian"]
[Black "Geyer, Bernhard"]
[Result "0-1"]
[WhiteElo "2211"]
[BlackElo "2180"]
[PlyCount "196"]
[EventDate "2016.10.16"]
[EventType "team-tourn"]
[EventRounds "9"]
[EventCountry "GER"]
[SourceTitle "EXT 2018"]
[Source "ChessBase"]
[SourceDate "2017.10.13"]
[SourceVersion "1"]
[SourceVersionDate "2017.10.13"]
[SourceQuality "1"]
[WhiteTeam "Walldorf"]
[BlackTeam "Ladenburg"]
[WhiteTeamCountry "GER"]
[BlackTeamCountry "GER"]

1. e4 e6 2. d4 d5 3. Nd2 c5 4. exd5 Qxd5 5. Ngf3 Nf6 6. Bc4 Qd8 7. 0-0 Nc6 8. Nb3 cxd4 9. Nbxd4 Nxd4 10. Nxd4 Bd7 11. b3 a6 12. a4 Bc5 13. Bb2 Qc7 14. Qe2 0-0 15. Rad1 Rfe8 16. Nf3 Rad8 17. Ng5 Qf4 18. Nxf7 Kxf7 19. Bxf6 Kxf6 20. Rd3 Ke7 21. Rf3 Qg5 22. Rg3 Qf6 23. Qh5 Kd6 24. Rd3+ Kc6 25. Rxd7 Kxd7 26. Qxc5 Re7 27. Re1 Ke8 28. Qb6 e5 29. Qe3 Qf4 30. Qc5 Qd4 31. Qxd4 Rxd4 32. f3 h6 33. Bd3 Kd7 34. Kf2 Kc6 35. Ke3 a5 36. Re2 Kc5 37. Re1 Kb4 38. Kd2 Rh4 39. h3 Rf4 40. Re3 Kc5 41. Be4 Rd7+ 42. Bd3 Kd6 43. Be4 Ke6+ 44. Kc1 Rff7 45. Bd3 Kf6 46. Kd2 Rd4 47. Ke2 Re7 48. Be4 Red7 49. Bd3 b6 50. Kf2 Rc7 51. Ke2 Rc5 52. Kf2 Kg5 53. Ke2 Kf4 54. Kf2 Kg5 55. Ke2 Kh4 56. Kf2 h5 57. Re1 Rcd5 58. Re3 Kg5 59. Ke2 Rc5 60. Kf2 h4 61. Re2 Kf4 62. Re1 Rc3 63. Re3 g5 64. Re4+ Rxe4 65. Bxe4 Rc7 66. Bg6 Rd7 67. Bd3 Rd6 68. Ke2 Kg3 69. Kf1 Rd4 70. Kg1 g4 71. hxg4 h3 72. gxh3 Kxf3 73. Kf1 e4 74. Be2+ Kg3 75. h4 Kxh4 76. Kf2 Rd2 77. Ke3 Rxc2 78. Bc4 Kxg4 79. Kxe4 Rd2 80. Bd5 Re2+ 81. Kd3 Re5 82. Kd4 Kf5 83. Kc4 Kf6 84. Kd4 Rg5 85. Bc4 Ke7 86. Kc3 Kd6 87. Kb2 Kc5 88. Ka3 Rg3 89. Bb5 Kd4 90. Bd7 Kc3 91. Bc6 Rg1 92. Ka2 Kb4 93. Kb2 Rf1 94. Be4 Rf2+ 95. Bc2 Rh2 96. Kb1 Kc3 97. Bd1 Rb2+ 98. Kc1 Rd2 0-1

[Event "Verbandsliga Nordbaden 1516"]
[Site "Baden"]
[Date "2015.10.25"]
[Round "2.5"]
[White "Brandenburger, Uwe"]
[Black "Geyer, Bernhard"]
[Result "0-1"]
[WhiteElo "2024"]
[BlackElo "2183"]
[PlyCount "84"]
[EventDate "2015.09.27"]
[EventType "team-tourn"]
[EventRounds "9"]
[EventCountry "GER"]
[SourceTitle "EXT 2022"]
[Source "ChessBase"]
[SourceDate "2021.10.06"]
[SourceVersion "1"]
[SourceVersionDate "2021.10.06"]
[SourceQuality "1"]
[WhiteTeam "Lindenhof"]
[BlackTeam "Ladenburg"]
[WhiteTeamCountry "GER"]
[BlackTeamCountry "GER"]

1. e4 e6 2. d4 d5 3. Nc3 dxe4 4. Nxe4 Nd7 5. Bd3 b6 6. Nf3 Bb7 7. Qe2 h6 8. Bd2 a6 9. Bc3 Ngf6 10. Ne5 Be7 11. Qf3 Rb8 12. Nc6 Bxc6 13. Nxf6+ Bxf6 14. Qxc6 b5 15. a3 Rb6 16. Qe4 Nb8 17. Ba5 Rd6 18. c3 Nc6 19. Bb4 Rd5 20. 0-0 g6 21. Bc5 Na5 22. Qe2 Qd7 23. Rad1 Rh5 24. Qf3 Bd8 25. Rfe1 c6 26. Be4 f5 27. Bb1 Kf7 28. Ba2 Re8 29. Rxe6 Rxe6 30. Re1 Nc4 31. Rd1 Kg7 32. h3 Qd5 33. Qg3 Rg5 34. Qh2 Qe4 35. Rf1 f4 36. Bb1 Qd5 37. h4 Rg4 38. Qh3 h5 39. Bc2 Nd2 40. Rd1 Nf3+ 41. Kf1 Qc4+ 42. Bd3 Qxd3+ 0-1

[Event "Verbandsliga Nordbaden 1415"]
[Site "Baden"]
[Date "2015.03.01"]
[Round "7.6"]
[White "Geyer, Bernhard"]
[Black "Boettger, Marko"]
[Result "1-0"]
[WhiteElo "2183"]
[BlackElo "2103"]
[PlyCount "75"]
[EventDate "2014.10.12"]
[EventType "team-tourn"]
[EventRounds "9"]
[EventCountry "GER"]
[SourceTitle "EXT 2022"]
[Source "ChessBase"]
[SourceDate "2021.10.06"]
[SourceVersion "1"]
[SourceVersionDate "2021.10.06"]
[SourceQuality "1"]
[WhiteTeam "Ladenburg"]
[BlackTeam "Birkenfeld"]
[WhiteTeamCountry "GER"]
[BlackTeamCountry "GER"]

1. e4 e6 2. d4 d5 3. Nd2 c5 4. dxc5 Bxc5 5. Bd3 Nf6 6. Qe2 Nc6 7. Nb3 Nxe4 8. Bxe4 dxe4 9. Nxc5 Qa5+ 10. c3 Qxc5 11. Qxe4 0-0 12. Nf3 f5 13. Qe2 e5 14. Be3 Qe7 15. b4 Re8 16. Bc5 Qf6 17. Rd1 Be6 18. 0-0 e4 19. Nd4 Nxd4 20. Rxd4 b6 21. Bd6 Qf7 22. c4 Rec8 23. Rc1 h6 24. a4 Qf6 25. Qd2 g5 26. c5 bxc5 27. bxc5 Rc6 28. Rb4 Rac8 29. h3 Bf7 30. Rcb1 f4 31. Rxe4 f3 32. Re7 fxg2 33. Rbb7 Qa1+ 34. Kxg2 Bc4 35. Re1 Rxd6 36. Qxd6 Qxe1 37. Qg6+ Kf8 38. Qg7+ 1-0

[Event "Verbandsliga Nord Baden 1314"]
[Site "Germany"]
[Date "2014.03.09"]
[Round "7.4"]
[White "Geyer, Bernhard"]
[Black "Spieker, Michael"]
[Result "1/2-1/2"]
[WhiteElo "2178"]
[BlackElo "2038"]
[PlyCount "106"]
[EventDate "2013.10.20"]
[EventType "team-tourn"]
[EventRounds "9"]
[EventCountry "GER"]
[SourceTitle "EXT 2015"]
[Source "ChessBase"]
[SourceDate "2014.11.20"]
[SourceVersion "1"]
[SourceVersionDate "2014.11.20"]
[SourceQuality "1"]
[WhiteTeam "Ladenburg"]
[BlackTeam "Karlsruhe II"]
[WhiteTeamCountry "GER"]
[BlackTeamCountry "GER"]

1. d4 f5 2. c4 Nf6 3. Nc3 d6 4. Nf3 g6 5. h3 Bg7 6. Bf4 0-0 7. e3 e6 8. Be2 Qe7 9. Qb3 Kh8 10. 0-0-0 Nc6 11. Bg5 Qf7 12. Nd2 Rb8 13. f4 a6 14. g4 Ne7 15. Bxf6 Bxf6 16. g5 Bg7 17. h4 Kg8 18. h5 Bd7 19. Rh4 Qe8 20. Rdh1 Kf7 21. Nf3 b5 22. cxb5 axb5 23. hxg6+ hxg6 24. Rh7 b4 25. Nd1 Ba4 26. Qd3 Bb5 27. Qd2 Qc6+ 28. Kb1 Bxe2 29. Qxe2 Rh8 30. Rxh8 Rxh8 31. Rxh8 Bxh8 32. Nd2 Bg7 33. Qc4 Qxc4 34. Nxc4 Nd5 35. Kc2 e5 36. fxe5 dxe5 37. dxe5 Ke6 38. Kd3 Bxe5 39. Nxe5 Kxe5 40. a4 bxa3 41. bxa3 Nb6 42. Nc3 f4 43. exf4+ Kxf4 44. Ne4 Ke5 45. Nf6 Kf5 46. Nh7 c5 47. Kc3 Ke4 48. Kc2 Kf5 49. Kb3 Ke4 50. Kc3 Kf5 51. Kd3 Kf4 52. Ke2 Na4 53. Kd3 Nb6 1/2-1/2

[Event "Einhausen Ried op 5th"]
[Site "Einhausen"]
[Date "2010.05.02"]
[Round "6"]
[White "Held, Carsten"]
[Black "Geyer, Bernhard"]
[Result "1-0"]
[WhiteElo "2042"]
[BlackElo "2124"]
[PlyCount "64"]
[EventDate "2010.04.29"]
[EventType "swiss"]
[EventRounds "7"]
[EventCountry "GER"]
[SourceTitle "CBM 136 Extra"]
[Source "ChessBase"]
[SourceDate "2010.07.02"]
[SourceVersion "2"]
[SourceVersionDate "2010.07.15"]
[SourceQuality "1"]

1. Nf3 d5 2. c4 Nf6 3. g3 g6 4. b3 d4 5. d3 c5 6. b4 cxb4 7. a3 bxa3 8. Bxa3 Nc6 9. Bg2 Bg7 10. Nbd2 0-0 11. 0-0 Re8 12. Ng5 Qc7 13. Qb3 h6 14. Nge4 Nxe4 15. Nxe4 f5 16. Nc5 b6 17. Qa4 Bb7 18. Nxb7 Rac8 19. Bd5+ Kh7 20. Nc5 bxc5 21. Bxc5 a6 22. Rfb1 Nb8 23. Bb6 Qd6 24. Bb7 e5 25. Bxc8 Rxc8 26. Ba7 Nd7 27. Qxa6 Rc6 28. Qb7 e4 29. Rb5 Qe6 30. Rd5 Nf6 31. Bxd4 exd3 32. Ra7 Ne8 1-0

[Event "Oberliga Baden 0506"]
[Site "Germany"]
[Date "2006.02.19"]
[Round "7.4"]
[White "Geyer, Bernhard"]
[Black "Wiechert, Hans"]
[Result "0-1"]
[WhiteElo "2113"]
[BlackElo "2301"]
[PlyCount "106"]
[EventDate "2005.10.23"]
[EventType "team-tourn"]
[EventRounds "9"]
[EventCountry "GER"]
[SourceTitle "EXT 2007"]
[Source "ChessBase"]
[SourceDate "2006.11.23"]
[SourceVersion "1"]
[SourceVersionDate "2006.11.23"]
[SourceQuality "1"]
[WhiteTeam "Ladenburg"]
[BlackTeam "Kuppenheim"]
[WhiteTeamCountry "GER"]
[BlackTeamCountry "GER"]

1. e4 d5 2. exd5 Qxd5 3. Nc3 Qa5 4. d4 Nf6 5. Bc4 Bf5 6. Bd2 c6 7. Nge2 e6 8. 0-0 Qc7 9. Ng3 Bg6 10. f4 Bd6 11. Bb3 Nbd7 12. Qf3 0-0 13. Kh1 a6 14. Nce4 Nxe4 15. Nxe4 Be7 16. c4 Nf6 17. Ng3 Rad8 18. Bc3 Qb6 19. f5 exf5 20. Nxf5 Bxf5 21. Qxf5 Bb4 22. Rf4 Bxc3 23. bxc3 c5 24. d5 Ne8 25. Rh4 Qg6 26. Qf2 Qf6 27. Qg3 Nd6 28. Rf4 Qe5 29. Re1 Qh5 30. Bd1 Qg6 31. Rg4 Qf6 32. Bc2 Rde8 33. Rb1 Qe5 34. Qxe5 Rxe5 35. h4 Re2 36. Rc1 Rfe8 37. a4 Re1+ 38. Rxe1 Rxe1+ 39. Kh2 Rc1 40. Bd3 Rxc3 41. Rg3 g6 42. Be2 Rc1 43. Rb3 Kf8 44. Kg3 Nf5+ 45. Kf4 Nd4 46. Rxb7 Nxe2+ 47. Ke5 Rxc4 48. a5 Nc3 49. Rb6 Rd4 50. Rb8+ Kg7 51. Rd8 Rxh4 52. Kd6 Ra4 53. Kc6 Nxd5 0-1

[Event "Oberliga Baden 0405"]
[Site "Germany"]
[Date "2005.01.30"]
[Round "6.2"]
[White "Metz, Hartmut"]
[Black "Geyer, Bernhard"]
[Result "0-1"]
[WhiteElo "2290"]
[BlackElo "2111"]
[PlyCount "122"]
[EventDate "2004.10.24"]
[EventType "team-tourn"]
[EventRounds "9"]
[EventCountry "GER"]
[SourceTitle "EXT 2007"]
[Source "ChessBase"]
[SourceDate "2006.11.23"]
[SourceVersion "1"]
[SourceVersionDate "2006.11.23"]
[SourceQuality "1"]
[WhiteTeam "Kuppenheim"]
[BlackTeam "Ladenburg"]
[WhiteTeamCountry "GER"]
[BlackTeamCountry "GER"]

1. e4 g6 2. d4 Bg7 3. Nc3 d6 4. h3 Nd7 5. Nf3 e5 6. Be3 Ne7 7. Bc4 0-0 8. 0-0 h6 9. Qd2 exd4 10. Nxd4 Kh7 11. a4 Nc6 12. Bd5 Nb4 13. Bb3 Nc5 14. Bc4 Qh4 15. Nf3 Qe7 16. Rfe1 a5 17. Bd4 Bxd4 18. Nxd4 Bd7 19. Re3 Rae8 20. b3 Qg5 21. Rd1 Qf4 22. g3 Qg5 23. Bf1 f5 24. exf5 Bxf5 25. Rxe8 Rxe8 26. Qxg5 hxg5 27. Rd2 Kg7 28. Kg2 Kf6 29. Bc4 Bd7 30. Nd5+ Nxd5 31. Bxd5 Rh8 32. g4 Re8 33. Kf1 c6 34. Bg2 Ne4 35. Bxe4 Rxe4 36. Nf3 d5 37. Re2 b5 38. axb5 cxb5 39. Rd2 Bc6 40. Nd4 Be8 41. c3 Ke5 42. Kg2 Kd6 43. Nf3 Kc5 44. Nxg5 Re1 45. f4 Rb1 46. Ne6+ Kd6 47. Nd4 Rc1 48. Ne2 Rb1 49. Nd4 a4 50. bxa4 bxa4 51. Ra2 Kc5 52. Ra3 Kc4 53. h4 Rb3 54. Nxb3 axb3 55. Ra1 b2 56. Re1 Kxc3 57. Kf3 d4 58. f5 gxf5 59. gxf5 Bh5+ 60. Ke4 d3 61. f6 d2 0-1